[Event "Manizales op 30th"]
[Site "Manizales"]
[Date "2025.01.09"]
[Round "2"]
[White "Alzate Herrera, Juan Jose"]
[Black "Giraldo Mejia, Dulze Maria"]
[Result "1-0"]
[WhiteElo "1654"]
[BlackElo "1555"]
[PlyCount "75"]
[EventDate "2025.01.08"]
[EventType "tourn"]
[EventRounds "7"]
[EventCountry "COL"]
[SourceTitle "CB03_2025"]
[SourceDate "2025.01.15"]
[SourceVersion "1"]
[SourceVersionDate "2025.01.15"]
[SourceQuality "1"]

1. e4 c5 2. Nf3 d6 3. d4 cxd4 4. Nxd4 Bd7 5. Nc3 a6 6. Bc4 Nf6 7. f3 e5 8. Nde2 Qb6 9. a4 Nc6 10. Bg5 Be7 11. Bxf6 gxf6 12. Nd5 Qa5+ 13. c3 Be6 14. b4 Qd8 15. Ng3 Bxd5 16. Qxd5 Rf8 17. 0-0 Qb6+ 18. Rf2 Qe3 19. Qd2 Qxd2 20. Rxd2 Rc8 21. Bd5 Nb8 22. Rc2 Rc7 23. Nf5 Kd7 24. Rb1 Bd8 25. c4 Nc6 26. b5 Na5 27. bxa6 bxa6 28. Rbc1 Rc5 29. Rb1 Bc7 30. Ne3 Ke7 31. Ng4 Rb8 32. Rxb8 Bxb8 33. Rb2 Ba7 34. Kf1 Kf8 35. Nxf6 Rc7 36. Nxh7+ Kg7 37. Ng5 f6 38. Ne6+ 1-0

[Event "Manizales op 28th"]
[Site "Manizales"]
[Date "2023.01.07"]
[Round "5"]
[White "Aristizabal Valencia, Matias"]
[Black "Alzate Herrera, Juan Jose"]
[Result "1-0"]
[WhiteElo "1524"]
[BlackElo "1485"]
[PlyCount "65"]
[EventDate "2023.01.05"]
[EventType "swiss"]
[EventRounds "8"]
[EventCountry "COL"]
[SourceTitle "CBM 212 Extra"]
[Source "ChessBase"]
[SourceDate "2023.03.31"]
[SourceVersion "1"]
[SourceVersionDate "2023.03.31"]
[SourceQuality "1"]

1. e4 d5 2. exd5 Qxd5 3. Nc3 Qd6 4. Nge2 Nf6 5. d4 h6 6. Bf4 Qd8 7. g3 Nd5 8. Nxd5 Qxd5 9. Rg1 f6 10. Nc3 Qa5 11. Bg2 e5 12. Qe2 Bb4 13. Bd2 Bxc3 14. Bxc3 Qb6 15. dxe5 fxe5 16. Bxe5 Nc6 17. Bxc7+ Ne7 18. Bxb6 0-0 19. Bc5 Re8 20. 0-0-0 Bd7 21. Rxd7 Nc6 22. Qc4+ Kh8 23. Bxc6 bxc6 24. Bd4 Rg8 25. Qxc6 a5 26. Rxg7 Rxg7 27. Qxa8+ Kh7 28. Bxg7 a4 29. Qxa4 Kxg7 30. Qc6 h5 31. Qe6 h4 32. gxh4+ Kf8 33. Qd6+ 1-0

[Event "Manizales Americas op"]
[Site "Manizales"]
[Date "2022.10.16"]
[Round "5"]
[White "Alzate Herrera, Juan Jose"]
[Black "Cruz Lopez, Jeronimo"]
[Result "0-1"]
[WhiteElo "1536"]
[BlackElo "1454"]
[PlyCount "48"]
[EventDate "2022.10.14"]
[EventType "swiss"]
[EventRounds "8"]
[EventCountry "COL"]
[SourceTitle "CBM 210 Extra"]
[Source "ChessBase"]
[SourceDate "2022.11.30"]
[SourceVersion "1"]
[SourceVersionDate "2022.11.30"]
[SourceQuality "1"]

1. e4 c5 2. c4 g6 3. Nf3 Bg7 4. Bd3 d6 5. 0-0 Nc6 6. Bc2 Ne5 7. d4 cxd4 8. Qxd4 Nxf3+ 9. gxf3 Bxd4 10. Rd1 Qb6 11. Ba4+ Bd7 12. Bxd7+ Kxd7 13. Nd2 Bxf2+ 14. Kg2 Rd8 15. b3 Bc5 16. Rb1 Qc6 17. b4 Be3 18. b5 Qc7 19. Bb2 e5 20. Nf1 Qxc4 21. Bxe5 Qe2+ 22. Kh3 Qxf3+ 23. Kh4 Bf2+ 24. Kg5 h6# 0-1